000
00250nam a2200121Ia 4500
100
_a
Koller A
942
_c
BK
654
_a
Work power & efficiency
245
_a
Work
260
_b
Wiley eastern
_a
New Delhi
_c
1978
546
_a
ENGLISH
999
_c
35548
_d
35548